00358nam a2200109Ia 4500001000800000005001700008008004100025245004200066260002100108999002100129952009800150120639820251010130419.0250824s9999 xx 000 0 und d 0aSIĞAMADIĞIM DÜNYA cALİ NAR bELİF YAYINLARI c1206398d1206398 00102ddc4070a1101b1101d2025-08-24l0oB-5p1101350r2025-08-27 02:28:00w2025-08-27yBK